Statistics for Irregular Alpha-3 Codes

Click here to take the quiz!

General Stats

  • This quiz has been taken 3 times
  • The average score is 8 of 17

Answer Stats

CountryCode% Correct
AlgeriaDZA
100%
SwitzerlandCHE
50%
GermanyDEU
50%
SpainESP
50%
United KingdomGBR
50%
CroatiaHRV
50%
IcelandISL
50%
CambodiaKHM
50%
MorrocoMAR
50%
North MacedoniaMKD
50%
PalauPLW
50%
EswatiniSWZ
50%
ChadTCD
50%
South AfricaZAF
50%
Equatorial GuineaGNQ
0%
RomaniaROU
0%
SamoaWSM
0%

Score Distribution

Percentile by Number Answered

Percent of People with Each Score

Your Score History

You have not taken this quiz